Exploring corpora for ESP learning

-д хадгалсан:
Номзүйн дэлгэрэнгүй
Үндсэн зохиолч: Gavioli, Laura (Зохиогч)
Формат: Ном
Хэл сонгох:англи
Хэвлэсэн: Amsterdam, The Netherlands: John Benjamins Publishing Company, 2005
Цуврал:Studies in Corpus Linguistics, 21
Нөхцлүүд:
Шошгууд: Шошго нэмэх
Шошго байхгүй, Энэхүү баримтыг шошголох эхний хүн болох!

MARC

LEADER 00000nam a2200000 a 4500
001 UCI1939
003 CL-VaPUC
005 20231128114022.0
008 070727e20050000NE |||||||||||||||||eng|d
999 |c 326626  |d 326624 
020 |a 9027222924 
040 |c Pontificia Universidad Católica de Valparaíso 
082 0 4 |a 428 GAV 2005  |2 21 
100 0 |a Gavioli, Laura  |e author  |9 522759 
245 1 0 |a Exploring corpora for ESP learning 
260 |a Amsterdam, The Netherlands:  |b John Benjamins Publishing Company,  |c 2005 
300 |a 176 páginas 
490 0 |a Studies in Corpus Linguistics, 21 
500 |a C.2 Donación Familia profesor Giovanni Parodi S. Memo 02/2022. 25-03-2022 
583 |a last modification  |c 20170823 05:10:22  |k Rodrigo Vera 
650 0 |a Enseñanza del inglés  |9 367340 
650 0 |a Inglés  |9 260023 
650 0 |a Lingüística aplicada   |9 313266 
650 0 |a Análisis del discurso  |9 256696 
650 0 |a Enseñanza de idiomas  |9 339820 
942 |c BK  |2 ddc 
945 |d 20070727 00:00:00  |a rbrito 
952 |0 0  |1 0  |4 0  |6 428_000000000000000_GAV_2005  |7 0  |8 A  |9 408651  |a FDOPOS  |b FDOPOS  |d 2019-11-22  |i 4359348  |o 428 GAV 2005  |p 4359348  |r 2025-01-22  |w 2019-11-22  |y BK  |k MLA 
952 |0 0  |1 0  |2 ddc  |4 0  |6 428_000000000000000_GAV_2005  |7 0  |8 C_GPS  |9 582287  |a BIBEDU  |b BIBEDU  |c GEN  |d 2022-03-30  |e Donación  |i 5650470  |o 428 GAV 2005  |p 5650470  |r 2022-03-30  |t 2  |w 2022-03-30  |y BK  |k LIT